The president's wife / Tracey Enerson Wood.
Available copies
- 3 of 3 copies available at LARL/NWRL Consortium.
- 2 of 2 copies available at Lake Agassiz Regional Library. (Show preferred library)
Current holds
0 current holds with 3 total copies.
View other formats and editions
Show Only Available Copies
| Location | Call Number / Copy Notes | Barcode | Shelving Location | Status | Due Date |
|---|---|---|---|---|---|
| Crookston Public Library | LARGE PRINT WOO (Text) | 33500013894845 | Main | Available | - |
| Moorhead Public Library | LARGE PRINT WOO (Text) | 33500013894837 | Main | Available | - |
| Roseau Public Library | lp WOO (Text) | 35500006760399 | Main | Available | - |
Record details
- ISBN: 9798885791472
- Physical Description: 589 pages (large print) ; 23 cm.
- Edition: Large print edition.
- Publisher: Waterville, ME : Thorndike Press, a part of Gale, a Cengage Company, 2023.
- Copyright: ©2023
Content descriptions
| Summary, etc.: | "Edith Bolling has been in no hurry to find a new ... Read More |
Search for related items by subject
| Genre: | Large type books. Biographical fiction. Historical fiction. Novels. Large print books. |
| LDR | 02900cam a2200577Ii 4500 | ||
|---|---|---|---|
| 001 | 426034 | ||
| 003 | LARL_NWRL_CONSORTIUM | ||
| 005 | 20231113171537.0 | ||
| 008 | 230914t20232023meu d 000 f eng d | ||
| 040 | . | ‡aYPD ‡beng ‡erda ‡cYPD ‡dIL2 ‡dBKL ‡dOCLCO ‡dIMT ‡dIUK ‡dZP7 ‡dZ#6 | |
| 020 | . | ‡a9798885791472 ‡q(large print ; ‡qhardcover alk. paper) | |
| 035 | . | ‡a(OCoLC)1397077379 | |
| 043 | . | ‡an-us--- | |
| 082 | 0 | 4. | ‡a813/.6 ‡223 |
| 100 | 1 | . | ‡aWood, Tracey Enerson, ‡eauthor. |
| 245 | 1 | 4. | ‡aThe president's wife / ‡cTracey Enerson Wood. |
| 250 | . | ‡aLarge print edition. | |
| 264 | 1. | ‡aWaterville, ME : ‡bThorndike Press, a part of Gale, a Cengage Company, ‡c2023. | |
| 264 | 4. | ‡c©2023 | |
| 300 | . | ‡a589 pages (large print) ; ‡c23 cm. | |
| 336 | . | ‡atext ‡btxt ‡2rdacontent | |
| 337 | . | ‡aunmediated ‡bn ‡2rdamedia | |
| 338 | . | ‡avolume ‡bnc ‡2rdacarrier | |
| 340 | . | ‡nlarge print (16 point) ‡2rdafs | |
| 520 | . | ‡a"Edith Bolling has been in no hurry to find a new husband since she was widowed, but President Woodrow Wilson wins Edith over and she becomes the First Lady of the United States. She's determined to rise to the challenges of her new marriage--from the bloodthirsty press to the first World War. When peace talks begin in Europe, she attends at Woodrow's side. But Woodrow's delicate health takes a dramatic turn for the worse. In her determination to preserve both his progress and his reputation, Edith all but assumes the presidency herself. Now, Edith must contend with the demands of a tumultuous country and the potentially devastating consequences of her failure"-- ‡cBack cover. | |
| 600 | 1 | 0. | ‡aWilson, Edith Bolling Galt, ‡d1872-1961 ‡vFiction. |
| 600 | 1 | 0. | ‡aWilson, Woodrow, ‡d1856-1924 ‡vFiction. |
| 650 | 0. | ‡aPresidents' spouses ‡vFiction. ‡0(LARL_NWRL_CONSORTIUM)166754 | |
| 650 | 0. | ‡aLarge type books. ‡0(LARL_NWRL_CONSORTIUM)24284 | |
| 651 | 0. | ‡aUnited States ‡xPolitics and government ‡y1913-1921 ‡vFiction. | |
| 655 | 0. | ‡aLarge type books. | |
| 655 | 7. | ‡aBiographical fiction. ‡2lcgft | |
| 655 | 7. | ‡aHistorical fiction. ‡2lcgft | |
| 655 | 7. | ‡aNovels. ‡2lcgft | |
| 655 | 7. | ‡aLarge print books. ‡2lcgft | |
| 901 | . | ‡a426034 ‡bAUTOGEN ‡c426034 ‡tbiblio | |

Add to basket
Permalink
Disable Highlighting